Hyrule Warriors Character Quiz - Statistics

General Stats
  • This quiz has been taken 54 times
  • The average score is 18 of 31
Answer Stats
Answer % Correct
Link
98%
Zelda
98%
Impa
85%
Ganon
83%
Midna
72%
Darunia
68%
Sheik
68%
Ruto
66%
Lana
64%
Ghirahim
62%
Toon Link
62%
Skull Kid
60%
Tetra
60%
Zant
60%
Fi
57%
Ganondorf
57%
Linkle
57%
Young Link
57%
Cia
51%
Volga
51%
Tingle
49%
Agitha
47%
Toon Zelda
47%
Marin
43%
Wizzro
43%
Medli
40%
Ravio
40%
Yuga
40%
King Daphnes
34%
Twili Midna
30%
Cucco
17%
No matching quizzes found
Score Distribution
Percent of People with Each Score
Percentile by Number Answered
Your Score History
You have not taken this quiz